Leaders of the World - Statistics

General Stats
  • This quiz has been taken 24 times
  • The average score is 11 of 15
Answer Stats
Hint Answer % Correct
Place where the President of the United States lives White House
100%
Most Influential Philosopher of Ancient China Confucius
94%
Former Leader of Tibet Dalai Lama
94%
Founder of Communism Karl Marx
94%
Prime Minister of the United Kingdom during most of World War II Winston Churchill
94%
Primary Residence of the King of the United Kingdom Buckingham Palace
89%
Former Chancellor of Germany for 16 Years Angela Merkel
83%
Title for the Ruler of Nazi Germany Führer
78%
First Prime Minister of India Jawaharlal Nehru
72%
Title for the Ruler of Dubai Emir
61%
Founder of Constantinople Constantine
56%
Address of the Prime Minister of the United Kingdom 10 Downing Street
50%
First Emperor of Rome Octavius
39%
Founder of Pakistan Mohammad Ali Jinnah
28%
Buddha’s Birth Name Siddhartha Gautama
28%
No matching quizzes found
Score Distribution
Percent of People with Each Score
Percentile by Number Answered
Your Score History
You have not taken this quiz